|
|
|
|
| LEADER |
01187nam a2200289 a 4500 |
| 001 |
13697634 |
| 008 |
100419s2003 nyu 000 1 eng d |
| 999 |
|
|
|c 8136
|d 8136
|
| 010 |
|
|
|a 2004557638
|
| 020 |
|
|
|a 0571218865
|
| 020 |
|
|
|a 0060597186
|
| 040 |
|
|
|a TEF
|c TEF
|d DLC
|d DB-DhAAL
|
| 082 |
0 |
4 |
|a 891.8635
|2 19
|
| 100 |
1 |
|
|a Kundera, Milan.
|9 32742
|
| 240 |
1 |
0 |
|a Nesnesitelná lehkost bytí.
|l English
|
| 245 |
1 |
4 |
|a The unbearable lightness of being /
|c Milan Kundera ; translated from the Czech by Michael Henry Heim.
|
| 250 |
|
|
|a 1st ed.
|
| 260 |
|
|
|a New York :
|b HarperCollins ;
|a India :
|b faber & faber,
|c 2003.
|
| 300 |
|
|
|a 311 p. ;
|c 22 cm.
|
| 500 |
|
|
|a "Twentieth-anniversary edition"--Jkt.
|
| 500 |
|
|
|a "First published in hardcover in the United States in 1984 by Harper & Row. This hardcover reissue published in 2004"--T.p. verso.
|
| 541 |
1 |
|
|e 00014359
|
| 650 |
|
0 |
|a Love
|x Fiction.
|9 32743
|
| 700 |
1 |
|
|a Heim, Michael Henry.
|9 32744
|
| 852 |
4 |
|
|a Ayesha Abed Library
|j General Shelf.
|
| 942 |
|
|
|2 ddc
|c BK
|
| 952 |
|
|
|0 0
|1 0
|2 ddc
|4 0
|6 891_863500000000000_KUN_2003
|7 0
|9 9293
|a BRACUL
|b BRACUL
|c GEN
|d 2010-04-19
|l 15
|m 86
|o 891.8635 KUN
|p 3010014359
|r 2024-10-24
|s 2024-06-23
|t 1
|w 2010-04-19
|y BK
|